000 01147nam a2200349 i 4500
003 EG-GICUC
005 20260206051131.0
008 260111s1995 ua |||fr|||| 00| 0 ara d
017 _a8691/1995
020 _a9770419956
040 _a EG-GICUC
_bara
_c EG-GICUC
_d EG-GICUC
_erda
041 0 _aara
082 0 4 _221
_a343.71
_bم ح . م
092 0 4 _221
099 _aLaw1 10 343.71 م ح . م 1995
100 0 _aمحمود كبيش
_eمؤلف.
240 _a،
245 1 0 _aمبادئ علم العقاب /
_cتأليف دكتور محمود كبيش.
264 1 _aالقاهرة :
_bدار الثقافة العربية،
_c1995.
300 _a394 صفحة ؛
_c24 سم.
336 _2rda content
_atext
337 _2rda media
_aComputer
338 _2rda carrier
_aOnline Resource
504 _a ببليوجرافيا: صفحات371-378.
546 _aالنص باللغة العربية
650 1 4 _aعلم العقاب
_2qrmak
650 1 4 _aالقانون الجنائي
_2qrmak
651 1 _2qrmak
856 4 0 _uhttps://fll.law.cu.edu.eg/fulltext/bks/B10-07380.pdf
905 _a54
_eYara
942 _2ddc
_cBK
_e21
_n0
999 _c56132
_d56132